000 00525nam a2200217Ia 4500
003 OSt
005 20220924134543.0
006 a|||||r|||| 00| 0
007 ta
008 220923b |||||||| |||| 00| 0 snd d
024 _a276580
037 _cTextual
040 _aARTS
_cARTS
_bsnd
041 _2snd
_asnd
082 _aO1593,3NGU,NA, K3
100 _aGulam Ali
_9208670
245 0 _aNadira
260 _c1963
942 _hO1593,3NGU,NA, K3
_cTEXL
_2CC
999 _c437770
_d437770